000
00294nam a22001337a 4500
008
180130b xxu||||| |||| 00| 0 eng d
020
_a
9780748723867
041
_a
eng
080
_a
615.83
100
_a
8
101
_a
ekz
245
_a
physical education sport
_c
john.h
942
_2
udc
_c
BK
999
_c
41244
_d
41244